[Event "London MSO Masters"]
[Site "London"]
[Date "1999.08.27"]
[Round "7"]
[White "Psakhis, Lev"]
[Black "Mikhalevski, Victor"]
[Result "1/2-1/2"]
[WhiteElo "2581"]
[BlackElo "2516"]
[Annotator "Mikhalevski,V"]
[PlyCount "128"]
[EventDate "1999.08.21"]
[EventType "swiss"]
[EventRounds "9"]
[EventCountry "ENG"]
[SourceTitle "EXT 2000"]
[Source "ChessBase"]
[SourceDate "1999.11.16"]
[SourceVersion "1"]
[SourceVersionDate "1999.11.16"]
[SourceQuality "1"]

1. e4 e5 2. Nf3 Nc6 3. Bb5 a6 4. Ba4 Nf6 5. d3 d6 6. c4 {Favourite move of
Duras.About 15(!) of his games can be found in MEGA99 in which many strong
players of the beginning of this century were outplayed by him.} g6 (6... Be7 {
is another possible reaction.}) 7. d4 $5 {A la Duras.} (7. Nc3 {is more common
move.}) (7. h3) 7... exd4 8. Nxd4 Bd7 9. Nxc6 bxc6 (9... Bxc6 10. O-O Bg7 11.
Nc3 O-O 12. f3 Nd7 13. Be3 Ne5 14. Bb3 b6 15. f4 Nd7 16. Bd4 Nc5 17. Bxg7 Kxg7
18. Bc2 a5 19. Qg4 $2 Nxe4 20. Nxe4 f5 21. Qf3 fxe4 22. Bxe4 Bxe4 23. Qxe4 Qf6
24. Rf2 Rae8 $15 {0-1 Duras,O-Rubinstein,A/St.Petersburg 1909/HCL (65)}) 10.
O-O Bg7 11. c5 (11. Nc3 O-O 12. Bg5 h6 13. Bh4 Qe8 14. Re1 Qe6 15. Rc1 Rab8 16.
b3 Qg4 17. Bxf6 Qxd1 18. Rcxd1 Bxf6 19. e5 Bg7 20. c5 Rfe8 21. cxd6 cxd6 22. f4
d5 23. Nxd5 Bg4 24. Bxc6 Bxd1 25. Bxe8 Bxb3 26. Bxf7+ Kxf7 27. axb3 Rxb3 28.
e6+ Ke8 29. Nc7+ Ke7 30. Rd1 Kf6 31. Rd7 Kf5 32. e7 Rb1+ 33. Kf2 Rb2+ 34. Ke3
Rb3+ 35. Rd3 {1-0 Ranniku,M-Piarnpuu,L/Tallinn 1996/EXT 98 (35)}) 11... O-O 12.
Nc3 (12. f3 d5 13. e5 Ne8 14. Re1 Qe7 15. Qd4 a5 16. Nd2 Bh8 17. Nb3 Ng7 18.
Bd2 Ne6 19. Qf2 Rfb8 $13 {0-1 Mrva,M-Timoshchenko,G/Stary Smokovec 1996/EXT 98
(39)}) 12... d5 (12... Qe7 13. cxd6 cxd6 14. f3 d5 15. Re1 d4 16. Ne2 c5 17.
Nf4 Be6 18. b3 Rfd8 19. Nd3 Bd7 20. Bxd7 Nxd7 21. Ba3 Rac8 22. Rc1 $14 {
[%csl Gc4,Rc5] 1-0 Duras,O-Cohn,E/Karlsbad 1911/HCL (48)}) 13. Bg5 h6 (13... d4
$2 14. e5 (14. Qxd4 Nxe4 $1 $13)) (13... Re8 $2 14. exd5 cxd5 15. Bxd7 Qxd7 16.
Bxf6 Bxf6 17. Nxd5 $16) 14. Bxf6 Bxf6 15. exd5 cxd5 $5 $146 {[%mdl 8] Only
this move is a novelty.Despite White wins a pawn I think it's beter than 15...
B:c3 as Black has enough resources to save the game while after 15...B:c3 he
has strategically bad position.} (15... Bxc3 $6 16. bxc3 $1 (16. dxc6 Bxc6 $1 (
16... Bxb2 17. cxd7 $1 Bxa1 18. Qxa1 $16) 17. Bxc6 Bxb2 18. Bxa8 Bxa1 19. Bb7
Bd4 $11) 16... cxd5 17. c6 Be6 18. Qd4 $14 {[%csl Rd5] /+/- Duras,O-Leonhardt,
P/Karlsbad 1911}) 16. Nxd5 $1 {The only chance to fight for opening advantage.}
(16. Bxd7 Bxc3 17. Qxd5 Bxb2 $11) (16. Qxd5 $6 Bxa4 17. Qxd8 Rfxd8 18. Nxa4 Rd2
$5 (18... Rd4 19. Nc3 Rb8 20. Rab1) 19. Rab1 Re8) 16... Bxa4 17. Nxf6+ Qxf6 18.
Qxa4 Qxb2 19. Qf4 $1 {[%cal Gf4c7,Gf4h6] ><c7,h6} Qa3 $5 (19... Rfe8 $5 {
was also interesting in order to compensate a pawn by activity of pieces.} 20.
Qxh6 (20. Qxc7 Rac8 21. Qb6 (21. Qd7 Red8 22. Qe7) (21. Qd6 Re2 $1 22. Rfb1 (
22. Qxa6 Rxc5 {- 21.Qb6}) 22... Qa3 23. Rc1 (23. Rb8 $6 Rxb8 24. Qxb8+ Kg7 {
[%cal Ga3c5,Ga3a2] /\Q:c5;Q:a2}) 23... Rxa2 $11 (23... Qb2 $5)) 21... Re2 $1 (
21... Qxb6 22. cxb6 Rb8 23. Rab1 Re6 24. b7 Re7 25. Rb6 Rbxb7 26. Rxa6 Re2 $14)
22. Qxa6 (22. Qxb2 Rxb2 23. Rfc1 Rb5 24. c6 Rb6 25. c7 Rb7 26. Rc6 $140 $6
Rbxc7 27. Rxa6 $4 Rc1+) 22... Rxc5 23. Rae1 (23. Rfb1 Qe5 $1 $44 {[%csl Rf2]
[%cal Gc5c2] /\Rcc2}) 23... Rxe1 24. Rxe1 Rc2 $11) 20... Qd4 $1 21. c6 (21. Qg5
Re5 22. Qf6 Qxc5) (21. Rac1 Re2 22. a3 Rae8 $44) 21... Re2 $1 $44) 20. Rfc1 (
20. Qxc7 Rac8 21. Qf4 h5 $1 $11) ({Even after best} 20. c6 $1 {Black keeps
equality:} Qd6 $1 21. Qxd6 (21. Qxh6 Qxc6 22. Rac1 Qb6 23. Rc4 Rfe8 24. Rh4 Qb2
$1) 21... cxd6 22. Rfd1 Rfc8 $1 23. Rxd6 Rab8 $1 (23... Rc7 24. Rb1 Rac8 25.
Rb6 Kf8 26. Rxa6 Ke7 $16) 24. Rc1 Rc7 25. h4 $1 Kf8 $1 (25... h5 $2 26. Rd7 $1
Rbc8 27. Rxc7 Rxc7 28. f3 $1 Kf8 29. g4 $1 Ke7 30. gxh5 gxh5 31. Kf2 Kd6 32.
Kg3 (32. Ke3 Re7+ 33. Kf4 Kc7 $16) 32... Rxc6 (32... Ke5 $142 33. a3 $1 (33. a4
f6 34. a5 Rg7+ 35. Kf2 Rc7 36. Ke3 Kd5 37. Kf4 Rxc6 38. Rxc6 Kxc6 39. Kf5 Kb5
40. Kg6 Kxa5 41. Kxh5 Kb4 42. Kg6 a5 43. h5 a4 44. h6 a3 45. h7 a2 46. h8=Q
a1=Q 47. Qxf6 $16) 33... f6 34. a4 $1 Rg7+ 35. Kf2 Rc7 36. Ke3 Kd5 37. Kf4 Rxc6
38. Rxc6 Kxc6 39. Kf5 Kc5 40. Kxf6 Kb4 41. f4 Kxa4 42. f5 $18) 33. Rxc6+ Kxc6
34. Kf4 Kd5 35. Kg5 Ke5 36. Kxh5 Kf4 37. Kh6 Kxf3 38. Kg5 Ke4 39. h5 $18) 26.
h5 Ke7 27. Rcd1 $1 gxh5 $1 (27... Rb1 28. Rd7+ $1 Rxd7 29. Rxb1 Rc7 30. Rb6 a5
$14 {/+/-}) 28. Rxh6 Rb2 $1 29. a4 Rb4 $1 30. Re1+ Kf8 31. Rc1 Rxa4 32. Rxh5
Rb4 $1 33. Kf1 Rb6 $11 {[%cal Ga6a5,Ga5a4,Ga4a3,Ga3a2,Ga2a1] exchanging queen
side pawn Black reachs simple theoretical draw.}) 20... c6 $1 {[%csl Rc5][%cal
Ga8d8,Gd8d5][%mdl 32] Now the c5-pawn will be a target for black pieces.} 21.
Qxh6 Rad8 $1 {An extra pawn is not very essential so far.From d5 rook can stop
possible advance of the h-pawn and attack the c5-pawn simultaneously.} 22. Rc2
Qd3 23. Qc1 ({Certainly not} 23. Rac1 $4 Qd1+) 23... Rfe8 $1 24. h3 $1 Re2 $1 {
Rook on c2 is important defender and must be exchanged.} 25. Rxe2 Qxe2 {
[%cal Gd8d2] /\Rd2} 26. Qf4 (26. Rb1 Rd2 27. Qf1 (27. Rb8+ Kh7) (27. Qe1 Qxe1+
28. Rxe1 Rxa2 29. Re8+ Kg7 30. Rc8 a5 31. Rxc6 a4 32. Kf1 a3 33. Ra6 Rc2 34.
Rxa3 Rxc5 $11) 27... Rxa2 (27... Qe5 $5) 28. Qxe2 Rxe2 29. Rb6 Rc2 30. Rxc6 a5
$11) 26... Rd5 $1 {[%csl Rc5][%cal Gd5f5,Gd5c5]} 27. Rc1 $1 {[%mdl 32]
Decenralizing black queen and bringing his rook into play via the e-file.} (27.
Qb8+ Kg7 28. Qb4 (28. Qb6 Rf5 29. Rf1 Qxa2 30. Qxc6 Qc4 $11) 28... Qc2 29. Qa3
Qxc5 30. Qxa6 Rd2 31. Rf1 (31. Qf1 Qd4 $1 {/\R:f2} 32. Rc1 Qf6 $1 33. a4 Ra2
$11) 31... Qc3 $1 $44) (27. Rb1 Qxa2 (27... Rxc5 $5) 28. Re1 {-27.Rc1} (28. Rb7
Qa1+ 29. Kh2 Rf5 $11 {/\Qe5}) (28. Rb8+ Kg7 29. Kh2 $1 Qe2 $1 (29... Qa1 $5)
30. Rb7 (30. Rb6 g5 $1) 30... Rf5 31. Qd4+ Qe5+ 32. Qxe5+ Rxe5 $15)) 27... Qxa2
28. Re1 $1 Kg7 $1 {Prophylaxis.} 29. Re8 Qb2 $5 (29... Qa1+ $5 {-29...Qb2 30.
Kh2}) 30. Kh2 $1 Qd4 $138 {I saw that 30...Qc3 is stronger,but being short of
time I have decided to play safer as rook ending is a theoretical draw.} (30...
Qc3 $5 31. Qh4 (31. Ra8 Rxc5 (31... a5 32. Qb8) 32. Rxa6 $11) 31... Rh5 32. Qd8
Qxc5 (32... Rxc5 33. g4 $1 g5 $1 34. Rg8+ Kh7 35. Rxg5 Rxg5 36. Qxg5 Qf3 37.
Qh5+ Kg7 38. Qg5+ $11) 33. Rg8+ (33. f4 Qb4 $1 34. Rg8+ Kh7 35. Rh8+ Kg7 36.
Rg8+ $11) 33... Kh7 34. Rh8+ Kg7 35. Rg8+ $11) (30... Rxc5 $5 {leads to
immediate draw by perpetual check.} 31. Qd6 Qxf2 (31... Rf5 32. f3 $1 Qf6 (
32... Rxf3 $2 33. Rb8 $1) 33. Qf8+ Kh7 34. Qg8+ Kh6 35. Qf8+ Kh7 $11 (35... Qg7
36. Qd6 Qf6 37. Qf8+ $11)) 32. Qf8+ Kf6 33. Qe7+ (33. Qh8+ $4 Kf5 $19) 33...
Kg7 $11) 31. Qxd4+ Rxd4 32. Rc8 Rc4 33. Rxc6 a5 34. g4 g5 35. Kg3 Rc3+ 36. f3
a4 37. Ra6 Rxc5 $11 38. Rxa4 Rc1 (38... f5 $142 {is the most simple way to
make a draw.}) 39. h4 gxh4+ 40. Kxh4 Rc5 41. Ra6 f6 42. f4 Rc1 43. Ra7+ Kh6 44.
Ra3 {[%cal Gh4g3]} ({Interesting stalemate position could arise in case of} 44.
f5 Rh1+ 45. Kg3 Rg1+ 46. Kf3 Rxg4 $1 47. Kxg4) 44... Rg1 $5 {[%csl Gg3]} 45.
Kh3 Kg6 46. Ra6 Kf7 47. f5 Kg7 48. Rb6 Ra1 49. Rd6 Rg1 50. Re6 Kf7 51. Ra6 Kg7
52. Rd6 Rh1+ (52... Kf7 {is also possible.} 53. Rd7+ Kg8 54. Kh4 Rh1+ 55. Kg3
Ra1 $11) 53. Kg2 Ra1 54. Kf3 Rf1+ {At this moment I decided to force a draw.} (
54... Ra4) 55. Ke4 Rg1 56. Rd7+ Kf8 57. Kd5 Rxg4 58. Ke6 Ra4 $1 59. Rf7+ ({Or} 
59. Kxf6 Ra6+ {reaching Philidor position.}) 59... Kg8 60. Rd7 {Last trap.} Kf8
$1 ({worse is} 60... Ra6+ 61. Rd6 {and draw is not as simple as in the game.})
61. Rf7+ Kg8 62. Rxf6 Ra6+ 63. Ke5 Ra5+ 64. Kf4 Ra1 1/2-1/2

[Event "Corus-B"]
[Site "Wijk aan Zee"]
[Date "2006.01.29"]
[Round "13"]
[White "Lagno, Kateryna"]
[Black "Carlsen, Magnus"]
[Result "0-1"]
[WhiteElo "2500"]
[BlackElo "2625"]
[Annotator "Mikhalevski,V"]
[PlyCount "62"]
[EventDate "2006.01.14"]
[EventType "tourn"]
[EventRounds "13"]
[EventCountry "NED"]
[EventCategory "15"]
[SourceTitle "CBM 111"]
[Source "ChessBase"]
[SourceDate "2006.04.04"]
[SourceVersion "1"]
[SourceVersionDate "2006.04.04"]
[SourceQuality "1"]

1. e4 e5 2. Nf3 Nc6 3. Bb5 a6 4. Ba4 Nf6 5. d3 Bc5 6. Nc3 b5 7. Bb3 d6 8. Nd5
h6 9. c3 O-O 10. O-O Rb8 11. Ne3 $6 {[%cal Gd3d4] A not very fortunate novelty.
White has to connect his hopes to obtain an advantage with the advance d4.} ({
So the previous games saw} 11. Re1 $5 {preparing d4.} Re8 (11... Bg4 12. h3
Bxf3 13. Qxf3 Nxd5 14. Bxd5 Ne7 15. Bb3 $14 {and White is slightly better
thanks to a pair of bishops.1-0 Vallejo Pons,F-Georgiev,V/Mallorca 2004/CBM
104 no vc (70)}) 12. d4 $1 (12. h3 a5 13. a4 (13. d4 $5 Ba7 14. Be3 $1) 13...
b4 14. Bc4 Nxd5 15. Bxd5 Ne7 16. Bc4 bxc3 17. bxc3 Ng6 18. d4 Bb6 19. Bb5 Bd7
20. Bxd7 Qxd7 $11 {1/2-1/2 Radjabov,T-Ganguly,S/Moscow RUS 2005/The Week in
Chess 537 (22)}) 12... Ba7 13. Be3 $1 {I believe this is the way to fight for
advantage in this line.} Ng4 $1 14. Qd3 Nxe3 15. fxe3 (15. Nxe3 $5 $14) 15...
Na5 16. Bc2 Bb7 {[%cal Gc7c6] 1-0 Akopian,V-Ganguly,S/Gibraltar ENG 2006 (32)
and with a pir of bishops and a misplaced knight on d5 Black looks ok.}) ({
and the immediate} 11. d4 Ba7 12. Be3 $1 exd4 ({In case of} 12... Nxe4 {
White plays} 13. Re1 $1 {[%csl Re4][%cal Gd4e5] and suddenly black pieces
start to hang. F.e.} Bg4 14. dxe5 Nc5 15. exd6 Qxd6 16. h3 Bh5 (16... Bxf3 17.
Qxf3 Nxb3 18. axb3 Bxe3 19. Nxe3 $14 {[%cal Ge3f5,Ga1d1]}) 17. g4 Bg6 18. Bf4
Qd7 19. Ne7+ Nxe7 20. Qxd7 Nxd7 21. Rxe7 $16) (12... Ng4 $5) 13. Nxd4 Nxd4 14.
Bxd4 Bxd4 15. Qxd4 $14 {1-0 Asrian,K-Yegiazarian,A/Yerevan ARM 2005/The Week
in Chess 548 (51)}) 11... Bb6 $1 {Black moves the bishop away from a possible
attack by means of d4.} 12. Qe2 {[%cal Gf1d1] White prepares Rd1.} ({Now} 12.
d4 {would be met by} exd4 13. cxd4 Re8 $15 {[%csl Re4] and White can't protect
his central pawn.} (13... Nxe4 $4 14. Bd5 $18 {[%csl Rc6,Re4]})) 12... Ne7 {
[%cal Ge7g6,Gg6f4] Noticing that f4 would be a nice square for the knight
Black transfers it there via e7 and g6.} 13. Rd1 Ng6 14. Nf5 ({It was better
to move the queen away from e2.} 14. Qc2 {with the idea to meet} Nf4 {with} 15.
Nf5 Bxf5 16. exf5 {[%cal Gd3d4]} Qd7 17. Bxf4 (17. d4 e4 $1 18. Bxf4 exf3 19.
gxf3 Rfe8 $44) 17... exf4 18. d4 $11 {with almost a symmetric position.}) 14...
d5 $1 {Exploiting a hanging position of the knight on f5.} 15. h3 Re8 $1 {
[%csl Re4][%cal Gc7c5] A useful prophylactic move. Black prepares advance of
the c-pawn to c5 taking space on the queenside and in the centre.} 16. g4 $2 {
This move can't be good. White weakens the dark squares getting nothing in
exchange.} (16. Ng3 {agreeing with a slightly worse position would be a more
realistic approach.}) 16... c5 $1 17. c4 bxc4 18. dxc4 d4 $15 {First
achievement-Black obtained a defended passed pawn in the centre.} 19. Ba4 Re6
$1 {Magnus doesn't want to allow a manoeuvre of the light-squared bishop via
c6 to d5. Moreover the rook will be useful o the e-file after exchange on f4.}
(19... Rf8 20. Bc6) 20. Ne1 {[%cal Ge1d3] It would be nice to block the d-pawn
by means of Nd3, but...} Nf4 $1 21. Bxf4 ({In case of} 21. Qf3 {Black can play
similar to the game.} g6 $1 (21... Ba5 $5) 22. Nxh6+ Kg7 23. Bxf4 exf4 24. e5
$1 (24. Nd3 Nxe4 25. Nxf4 Ng5 $1 26. Nxe6+ Bxe6 $17 {[%csl Rh6]}) 24... Nh7 $1
25. Qxf4 Ng5 $1 {[%csl Rf4,Rg1][%cal Gg5h3]} 26. Kf1 Bc7 $1 {[%csl Re5]} 27.
Nd3 f6 $1 28. h4 Rxe5 $1 29. Nxe5 Bxe5 $17 {[%csl Rf1,Rh6] with an obvious
advantage for Black.}) 21... exf4 {[%csl Re4]} 22. f3 g6 $1 $17 {[%csl Rf5]
Suddenly the knight on f5 gets in a trouble.} 23. Nxh6+ Kg7 {[%csl Rh6] Where
is a way out?} 24. g5 ({Probably} 24. Nd3 {would be a better practical chance,
but after} Kxh6 25. Nxf4 Nh7 $1 {[%cal Gd8h4]} 26. Nxe6 Bxe6 $17 {[%csl Rf4,
Rg3][%cal Gb6c7,Gd8h4] and with two pieces for a rook plus weak dark squares
around White's king Black can look forward with a smile.}) (24. Qh2 Bc7 25. h4
Nxe4 $1 ({or} 25... Nh7 $5 {and White's position collapses.})) 24... Nh7 {
The simplest. Black prepares a sacrifice of the knight on g5, which will
provide him with a number of extra pawns and a vulnerable white king.} ({
Also the computer's} 24... Nxe4 $5 {was strong.} 25. Nxf7 (25. fxe4 Qxg5+ 26.
Ng4 f5 27. Nf3 Qh5 28. Qg2 fxe4 $1) 25... Kxf7 26. fxe4 Qxg5+ 27. Ng2 Bc7 $1
$19 {[%cal Ge6f6,Gg5g3]}) 25. h4 (25. Nxf7 $1 Kxf7 26. h4 {[%cal Ge1d3] trying
to build a fortress was the very last practical chance.}) 25... Nxg5 26. hxg5 (
{Doesn't help} 26. Qg2 Nxe4 $1 27. Nxf7 Qxh4 $1 28. fxe4 Kxf7 29. Nf3 Qh5 30.
Ng5+ Kg7 31. Nxe6+ Bxe6 $19 {with a decisive attack.}) 26... Qxg5+ 27. Qg2 Qxh6
{[%cal Ge6e5,Ge5g5] Black is already a pawn up while his attack is only
getting stronger.} 28. Nd3 g5 $1 $19 {[%cal Ge6g6,Gg5g4] Sacrifices never
stoped the young Norwegian. The idea to open up the g-file with g4 leaves
White no choice.} 29. Nxf4 Bc7 $1 {Now White starts to feel his weak dark
squares- a consequence of her careless play in the opening.} 30. Nd3 (30. Nxe6+
{would only prolong the game, but after} Bxe6 $19 {[%cal Gc7f4,Gf4e3] Black
fully dominates.}) 30... g4 $1 {[%csl Rg1,Rg2] Black shouldn't be asked twice
before making this move. Opening of the g-file concludes the game.} 31. fxg4
Rg6 {[%csl Rg4]} (31... Rg6 32. Nf2 Rxb2 $19 {[%cal Gg6g4] is completely
hopeless and so White resigned. Another brilliant win of Carlsen in Wijk aan
Zee.}) 0-1

[Event "EU-ch 18th"]
[Site "Minsk"]
[Date "2017.05.30"]
[Round "1"]
[White "Andreikin, Dmitry"]
[Black "Karttunen, Mika"]
[Result "1/2-1/2"]
[WhiteElo "2723"]
[BlackElo "2465"]
[Annotator "Moradiabadi,E"]
[PlyCount "177"]
[EventDate "2017.05.30"]
[EventType "swiss"]
[EventRounds "11"]
[EventCountry "BLR"]
[SourceTitle "CBM 179"]
[Source "ChessBase"]
[SourceDate "2017.07.12"]
[SourceVersion "1"]
[SourceVersionDate "2017.07.12"]
[SourceQuality "1"]

1. e4 e5 2. Nf3 Nc6 3. Bb5 a6 4. Ba4 Nf6 5. d3 d6 6. c3 g6 7. Nbd2 Bg7 8. Nf1
O-O 9. Ng3 b5 10. Bc2 Bb7 11. h4 h5 12. Bg5 Qd7 13. O-O Nd8 14. d4 exd4 15.
cxd4 Ne6 16. Bd2 d5 17. e5 Ne4 18. b4 Nxd2 19. Qxd2 a5 20. a3 axb4 21. axb4
Rxa1 22. Rxa1 Ra8 23. Rxa8+ Bxa8 24. Ne2 Qe7 25. Nc1 Bc6 26. Bb3 Qd8 27. Nd3
Be8 28. Qa2 c6 {Black's bishop is obviously bad but thankfully it takes care
of the most annoying job in Black's position: defending the weak c6-pawn!
Black's position is rock solid and hard to break.} 29. g3 Qb8 30. Bd1 Bf8 31.
Qa1 Bh6 32. Be2 Bd7 33. Nfe1 Nc7 34. Nc5 Bc8 35. Qa5 Bf8 36. Bd3 Be7 37. Nc2
Bd8 38. Qa1 Qa8 39. Qb2 Kg7 40. Ne3 Be7 41. Kh2 Ne6 42. f4 f5 43. Nc2 Bxc5 $1 {
A good decision! The knight on e6 is extremely strong and there is no
breakthrough on the kingside. Black is untouchable!} 44. bxc5 Bd7 45. Kg2 Kf7
46. Kf2 Ke7 47. Ke3 Nc7 48. Nb4 Be6 49. Bb1 Kd7 50. Qa2 {} Qxa2 51. Bxa2 Ne8 {
Andreikin has 50 moves to make any progress or he has to shake his opponent's
hand for a half a point apiece!} 52. Kd3 Kc7 53. Kc3 Kb7 54. Bb1 Nc7 55. Bd3
Ne8 56. Nc2 Nc7 57. Na1 Na6 58. Nb3 Kc7 59. Nd2 Kb7 60. Nf1 Nc7 61. Ne3 Ne8 62.
Kb4 {} Ng7 63. Be2 {} Ka6 {} 64. Bf3 Bf7 65. Bg2 {} Be6 66. Nc2 Bd7 67. Kc3
Be6 {} 68. Bf1 Kb7 69. Ne1 {} Bd7 70. Nf3 {} Ne6 {} 71. Ng5 Nxg5 {} 72.
fxg5 {Andreikin has made the exchange but Black has an impenetrable fortress.
The result is already sealed.} Be6 73. Bd3 Kc7 74. Kb4 {} Bf7 75. Ka5 {} Kb7
{} 76. Be2 {} Be6 {} 77. Kb4 {} Kc7 {} 78. Kc3 {} Kb7 79. Bd3 {} Kc7 {}
80. Kd2 Kd7 81. Ke3 {} Bf7 {} 82. Kf4 {} Ke6 {} 83. Kf3 {} Be8 {} 84. Ke3
{} Bf7 {} 85. Kd2 {} Kd7 {} 86. Bc2 {} Be8 {} 87. Kc3 {} Bf7 {} 88. Kb4
{} Kc7 89. Bd3 1/2-1/2

[Event "DEN-ch"]
[Site "Aalborg"]
[Date "2000.04.22"]
[Round "7"]
[White "Mortensen, Erling"]
[Black "Hansen, Lars Bo"]
[Result "1-0"]
[WhiteElo "2447"]
[BlackElo "2569"]
[Annotator "Mortensen,E"]
[PlyCount "147"]
[EventDate "2000.04.15"]
[EventType "tourn"]
[EventRounds "9"]
[EventCountry "DEN"]
[EventCategory "11"]
[SourceTitle "CBM 077"]
[Source "ChessBase"]
[SourceDate "2000.07.27"]
[SourceVersion "1"]
[SourceVersionDate "2000.07.27"]
[SourceQuality "1"]

1. e4 e5 2. Nf3 Nc6 3. Bb5 a6 4. Ba4 Nf6 5. d3 d6 6. c3 g6 7. Bg5 {This
prevents d6-d5 for some time.} Bg7 8. Nbd2 Bd7 9. Nf1 {Playing the knight to
its ideal square e3 before castling may save the tempo Tfe1 later. Also white
sometimes can consider castling long.} h6 10. Bh4 Ne7 11. Bc2 ({More active is
Lb3 as in the following beautiful game:} 11. Bb3 c6 12. Ne3 Qc7 13. Qc2 O-O 14.
d4 Rfe8 15. dxe5 dxe5 16. Bxf6 Bxf6 17. h4 Nc8 (17... h5 18. O-O-O $5 {with
the plan g2-g4}) 18. h5 g5 19. Rd1 Nb6 20. Nh2 Rad8 21. Qe2 Kg7 22. Qf3 Bc8 23.
O-O Rxd1 24. Rxd1 Rd8 25. Rxd8 Qxd8 26. Nhg4 a5 27. a4 Qd6 28. g3 Bxg4 29. Qxg4
Qd7 30. Qf3 Bd8 31. Nf5+ Kh7 32. Nd6 Kg7 33. Nxf7 {1-0 Bronstein,D-Dely,P/
Moscow 1962/MCD (33)}) 11... Nh5 12. Ne3 O-O 13. d4 Qe8 14. O-O Kh8 15. Re1 (
15. dxe5 $14) 15... f6 $5 {Now dxe5 is not on, as this would give black a half
open f-file.} 16. Bg3 ({Better was} 16. Qd2 Rd8 17. Rad1 $14) 16... Nxg3 $6 {
There was no reason to hurry with this, as white gets some dynamic
possibilities connected with advancing the f-pawn.} 17. hxg3 h5 (17... f5 18.
exf5 gxf5 19. dxe5 dxe5 20. Nxe5 $1 Bxe5 21. Nd5 Nc6 22. f4 $16) 18. Nh4 Kh7 (
18... Bh6 19. f4 $1 exf4 $2 20. Nd5 $18) 19. f4 Bh6 20. Nd5 Bg4 21. Qd3 Rc8 22.
Bd1 {It is logical to exchange these bishops, as white plans f4-f5 playing on
the white squares.} Bd7 (22... Nxd5 23. Bxg4 Nb4 24. cxb4 hxg4 25. f5 $16) 23.
Nxe7 Qxe7 24. f5 gxf5 25. exf5 ({I did not want to allove the exchange
sacrifice} 25. Bxh5 f4 {but white is much better after} 26. Ng6 Qg7 27. gxf4
Bxf4 28. Nxf4 exf4 29. e5+ Kh6 30. e6 $16) 25... Be8 26. Bb3 c6 27. Be6 {
From here the bishop seriously disturbs the koordination of the black peaces.}
Rd8 (27... Rc7 28. dxe5 dxe5 29. Rxe5 $16) 28. d5 c5 29. Re4 Bg5 (29... b5 30.
g4 Qa7 31. Qh3 $16) 30. Nf3 Kg7 31. a4 $1 {It is not clear that white can
break through on the kingside so I prepare to open the b-file to take
advantage of the greater mobility of the white forces. Before playing b2-b4
though it is useful create a weakness on b7. In time trouble my opponent does
not succeed to adjust to the changed situation and drifts into a hopeless
position.} Rh8 $6 ({Relatively best was} 31... b5 32. axb5 axb5 33. Nxg5 fxg5
34. Qe3 Kh8 35. b4 $16) 32. a5 Rh6 33. b4 $18 Qc7 34. Nxg5 fxg5 35. Qe3 Kf6 36.
bxc5 Qxc5 37. Qxc5 (37. Rxe5 Qxe3+ 38. Rxe3 Rh7 39. c4 Rc7 $16) 37... dxc5 38.
Rb1 Bd7 (38... Rh7 39. Rb6 $18) 39. Rb6 Bxe6 40. Rxe6+ Kg7 (40... Kxf5 $2 41.
R4xe5+) 41. R6xe5 (41. R4xe5 $1 Rf6 (41... Rxe6 $2 42. fxe6 Kf6 43. e7 $18) 42.
c4 Rd7 43. Re7+ Rf7 44. f6+ Kxf6 45. R7e6+ $18) 41... b5 42. axb6 Rxb6 43. c4
Rf6 (43... Rdb8 $5) 44. g4 hxg4 45. Rxg4 Rf7 46. Rge4 (46. Rxg5+ $4 Kf6 $19) (
46. Rg3 $1 a5 47. Ra3) 46... a5 47. Re6 Ra8 (47... Rxf5 48. Ra6 $18) 48. Rg6+
Kf8 49. Rxg5 a4 50. Rh5 Ra5 (50... Kg7 51. Re6 Rf6 52. Rg5+ Kf7 (52... Kh6 53.
Rg8 $1) 53. Re2 $18) 51. Re2 a3 52. Ra2 Ra4 53. Kh2 Kg7 54. d6 Kf6 (54... Rd7
55. Rh3 Rxc4 56. Raxa3 Rf4 (56... Rxd6 57. Rag3+ Kf7 58. Rh7+ Kf6 59. Rg6+ Ke5
60. Re7+ Kd5 61. Kh3 $18) 57. Rh5 Kf6 58. Ra5 Rc4 59. Kh3 Ke5 60. Ra1 $18) 55.
Rh3 (55. Re2 $1 Kg7 56. Re6 Rf6 57. d7 Ra8 58. Re8 $18) 55... Rfa7 56. Rd3 Rd7
57. Raxa3 Rxc4 58. Rd5 Rc2 (58... Rf4 59. Ra5 Rxf5 60. Rxf5+ Kxf5 61. Rxc5+ Ke6
62. Rc6 $18) 59. Rh3 c4 60. Rg3 c3 61. Rg6+ Kf7 62. Rc5 Rd2 63. Rxc3 R2xd6 64.
Rc6 $1 {Preventing the black king from reaching g5.} Rd5 65. Rcf6+ Ke7 66. Kh3
Rc7 67. g4 Rc1 68. Kh4 Rd4 69. Kg5 Rg1 70. Rg7+ Ke8 71. Re6+ Kd8 72. Kf6 Rgxg4
73. Rxg4 Rxg4 74. Kf7 1-0